000 00719cam a22002413a 4500
001 16228
003 PGUSA
005 20140828083339.0
008 050707s2005||||xxu|||||s|||||000 | eng d
040 _aPGUSA
_beng
042 _adc
050 4 _aAP
245 1 0 _aChambers's Edinburgh Journal, No. 422 :
_bVolume 17, New Series, January 31, 1852
_h[electronic resource] /
_cVarious
260 _bProject Gutenberg,
_c2005
506 _aPublic domain in the USA.
516 _aElectronic text
653 _aPeriodicals
700 1 _aChambers, Robert,
_d1802-1871
700 1 _aChambers, William,
_d1800-1883
830 0 _aProject Gutenberg
_v16228
856 4 0 _uhttp://www.gutenberg.org/ebooks/16228
942 _cEB
999 _c245483
_d245483